000 00339nam a22001337a 4500
008 250505b |||||||| |||| 00| 0 eng d
020 _a9871361441
050 _aPE1074
_b.053
100 _aOlateju Moji
245 _aDiscourse Analysis
260 _aObafemi awolowo university, Nigeria
_bMoji Olateju
_c2004
300 _a144p.
942 _cBK
999 _c3305
_d3305